000 00532cam a2200181 a 4500
020 _a0070072604 (pbk. : acidfree paper)
040 _cDLC
082 0 0 _a370 HIL 1996 A017 Or.
245 0 4 _aThe enlightened educator :
_bresearch adventures in the schools /
260 _aNew York :
_bMcGraw-Hill,
_cc1996.
300 _axvii, 301 p. : ill. ;
_c24 cm.
650 0 _aEducation
650 0 _aAction research in education.
650 0 _aEducation
650 0 _aEducational psychology.
700 1 _aBrannigan, Gary G.
942 _cEK
999 _c12272
_d12272